00948nam a2200265 a 450000100060000000300090000600800410001501500210005602000150007704000280009208200170012010000350013724501120017226000320028430000200031650000440033650400290038059800150040965000300042470000420045491700180049694200120051499900170052695201390054325299CO-ViMGA141112s2004 ck r 000 u spa d ack - 2005 - xxxx a9586906930 aCO-ViMGAbspacCO-ViMGA04a340.09 S817h1 aSuárez Pineda, Rafael93856410aHistoria del derecho y el derecho en la historia / cRafael Suárez Pineda, Clara Cecilia Suárez Vargas. aBogotá : bLeyer, c2005. a277 p. ; 24 cm. aÍndice analítico a final del texto. aIncluye bibliografías. aHISTORICAL14aDerecho - Historia9237291 aSuárez Vargas, Clara Cecilia938565 a3497 20050708 2ddccBK c32908d32908 01102ddc40708002aMEVIECARbMEVIECARd2015-12-04h29/oct/2013l0o340.09 S817h p26304r2015-12-04 00:00:00tEj. 1w2015-12-04yBK